=LDR 00000nam 2200000 4500 =001 INLIS000000000030066 =005 20130612132238 =008 ***********************************Ind** =035 ##$$0010-061300000030066 =041 ##$$a Ind =082 ##$$a F.Rom.M =090 ##$$a F.Rom.K, Har p =100 ##$$a Haryo, A Rahartati Bambang =245 ##$$a Pencuri sial, A Rahartati Bambang Haryo =260 ##$$a 1994 $b Yogyakarta =300 ##$$a 20 hlm, ilus, 15 cm =650 ##$$a Fiksi Anak =850 ##$$a NBPNMAT